[Event "Hotel Montesano Open A"]
[Site "Villa San Giovanni ITA"]
[Date "2005.08.11"]
[Round "5"]
[White "Bartolozzi, Roberto"]
[Black "Calzetta Ruiz, Monica"]
[Result "0-1"]
[WhiteElo "2126"]
[BlackElo "2282"]
[PlyCount "92"]
[EventDate "2005.08.07"]

1.Nf3 c5 2.c4 Nf6 3.Nc3 b6 4.e4 d6 5.g3 Bb7 6.d3 g6 7.Bg2 Bg7 8.O-O O-O 9.
h3 Nc6 10.Be3 Rc8 11.Qd2 Nd7 12.Bh6 Nde5 13.Bxg7 Nxf3+ 14.Bxf3 Kxg7 15.Bg2
e5 16.f4 Nd4 17.Ne2 Nxe2+ 18.Qxe2 Rc7 19.f5 f6 20.h4 Bc8 21.Bh3 Kh8 22.Kh2
Rg7 23.g4 Bd7 24.Rg1 b5 25.Raf1 g5 26.h5 Qa5 27.Rc1 Rb8 28.b3 Rb6 29.Rgd1 
Ra6 30.Rd2 b4 31.Ra1 Qb6 32.Rb2 Ra3 33.Bf1 a5 34.Rbb1 Bc6 35.Qb2 a4 36.
bxa4 Qa5 37.h6 Rg8 38.Be2 Bxa4 39.Qd2 Ra8 40.Qb2 Kg8 41.Qd2 Qd8 42.Rb2 Qf8
43.Kg2 Qxh6 44.Rh1 Qg7 45.Kf3 Bc6 46.Bd1 Bxe4+ 0-1

[Event "Hotel Montesano Open A"]
[Site "Villa San Giovanni ITA"]
[Date "2005.08.11"]
[Round "5"]
[White "Cavallini, Gianfranco"]
[Black "Gasperoni, Claudio"]
[Result "1-0"]
[WhiteElo "2005"]
[BlackElo "1592"]
[PlyCount "21"]
[EventDate "2005.08.07"]

1.c4 e6 2.g3 d5 3.b3 Nf6 4.Bb2 c5 5.cxd5 exd5 6.Bg2 d4 7.Na3 Nc6 8.e4 Be7 
9.d3 Qa5+ 10.Qd2 Qb5 11.Nxb5 1-0

[Event "Hotel Montesano Open A"]
[Site "Villa San Giovanni ITA"]
[Date "2005.08.11"]
[Round "5"]
[White "Cordi', Domenico"]
[Black "Aliferopulos, Andrea"]
[Result "1-0"]
[WhiteElo "2086"]
[BlackElo "1909"]
[PlyCount "41"]
[EventDate "2005.08.07"]

1.e4 c5 2.Nf3 e6 3.d4 cxd4 4.Nxd4 a6 5.Nc3 Qc7 6.Be2 b6 7.O-O Bb7 8.f4 Nc6
9.Be3 Bc5 10.Kh1 Nge7 11.Bf3 Rc8 12.Nxc6 Bxe3 13.Nxe7 Kxe7 14.e5 Bc5 15.
Bxb7 Qxb7 16.Qg4 h5 17.Qg5+ Kf8 18.f5 Bb4 19.Rad1 Rh6 20.fxe6 dxe6 21.Rd8+
1-0

[Event "Hotel Montesano Open A"]
[Site "Villa San Giovanni ITA"]
[Date "2005.08.11"]
[Round "5"]
[White "Gangemi, Salvatore"]
[Black "Forlano, Luigi"]
[Result "1/2-1/2"]
[WhiteElo "2104"]
[BlackElo "1909"]
[PlyCount "92"]
[EventDate "2005.08.07"]

1.c4 c5 2.Nf3 b6 3.Nc3 d6 4.d4 cxd4 5.Nxd4 Bb7 6.e4 Nf6 7.Bd3 e6 8.O-O 
Nbd7 9.Re1 Be7 10.Bg5 a6 11.Rc1 O-O 12.Bb1 Re8 13.Qd3 Rc8 14.f4 Qc7 15.b3 
g6 16.Kh1 Ng4 17.Qg3 Bxg5 18.Qxg4 Bf6 19.Nde2 Bg7 20.Rcd1 b5 21.e5 dxe5 
22.cxb5 exf4 23.bxa6 Bxa6 24.Ne4 f5 25.Qh3 fxe4 26.Bxe4 Nf6 27.Bf3 Rcd8 
28.Rc1 Qd6 29.Rc6 Qd2 30.Qh4 g5 31.Qf2 g4 32.Rxa6 gxf3 33.gxf3 Rc8 34.Rg1 
Rc2 35.Qg2 Nh5 36.Ra7 Qxe2 37.Rxg7+ Kf8 38.Rg8+ Ke7 39.Rxe8+ Kxe8 40.Qg8+ 
Ke7 41.Qxh7+ Kd6 42.Qxh5 Rxa2 43.Qh3 Rb2 44.Qg2 Qxg2+ 45.Rxg2 Rxb3 46.Rf2 
Ke5 1/2-1/2

[Event "Hotel Montesano Open A"]
[Site "Villa San Giovanni ITA"]
[Date "2005.08.11"]
[Round "5"]
[White "Grimaldi, Fabio"]
[Black "Tricomi, Massimo"]
[Result "1/2-1/2"]
[WhiteElo "1844"]
[BlackElo "1943"]
[PlyCount "59"]
[EventDate "2005.08.07"]

1.e4 Nf6 2.e5 Nd5 3.d4 d6 4.Nf3 dxe5 5.dxe5 Bg4 6.c4 Nb6 7.Qxd8+ Kxd8 8.
Ng5 Ke8 9.Nc3 f6 10.f3 Bd7 11.c5 fxg5 12.cxb6 axb6 13.Nd5 Kd8 14.Bxg5 Ra5 
15.Rd1 c6 16.e6 Rxd5 17.Rxd5 cxd5 18.exd7 h6 19.Be3 Nxd7 20.Bb5 e6 21.Bxd7
Kxd7 22.Ke2 Bb4 23.Rc1 Rc8 24.Rxc8 Kxc8 25.Bxb6 Kd7 26.Bd4 g6 27.Kd3 Bd6 
28.h3 e5 29.Be3 Bf8 30.Bd2 1/2-1/2

[Event "Hotel Montesano Open A"]
[Site "Villa San Giovanni ITA"]
[Date "2005.08.11"]
[Round "5"]
[White "Hirneise, Tobias"]
[Black "Estremera Panos, Sergio"]
[Result "1/2-1/2"]
[WhiteElo "2131"]
[BlackElo "2367"]
[PlyCount "43"]
[EventDate "2005.08.07"]

1.e4 c5 2.c3 d6 3.d4 Nf6 4.Bd3 e5 5.Ne2 Be7 6.O-O O-O 7.Nd2 cxd4 8.cxd4 
exd4 9.Nxd4 Nc6 10.Nxc6 bxc6 11.Nf3 Bg4 12.h3 Bh5 13.Bf4 Nd7 14.Be2 Bg6 
15.Bxd6 Bxe4 16.Re1 Bxd6 17.Qxd6 Nf6 18.Qxd8 Rfxd8 19.Rac1 a5 20.Ne5 Rd2 
21.Nxc6 Rxb2 22.Nxa5 1/2-1/2

[Event "Hotel Montesano Open A"]
[Site "Villa San Giovanni ITA"]
[Date "2005.08.11"]
[Round "5"]
[White "Lazarev, Vladimir"]
[Black "Genocchio, Daniele"]
[Result "1-0"]
[WhiteElo "2518"]
[BlackElo "2306"]
[PlyCount "52"]
[EventDate "2005.08.07"]

1.d4 c5 2.d5 e6 3.c4 exd5 4.cxd5 d6 5.Nc3 g6 6.e4 Bg7 7.Bd3 a6 8.a4 Ne7 9.
h3 O-O 10.Nf3 h6 11.O-O Nd7 12.Bf4 Qc7 13.Bh2 Kh8 14.Re1 Rb8 15.Rc1 f6 16.
b4 cxb4 17.Nb5 Qd8 18.Nxd6 Ne5 19.Nxe5 fxe5 20.Nc4 b5 21.axb5 Rxb5 22.Nxe5
Rb6 23.Nf7+ Rxf7 24.Bc7 Qxc7 25.Rxc7 Be5 26.Qc1 Bb7 1-0

[Event "Hotel Montesano Open A"]
[Site "Villa San Giovanni ITA"]
[Date "2005.08.11"]
[Round "5"]
[White "Lupo, Francesco"]
[Black "Panarello, Giuseppe"]
[Result "1-0"]
[WhiteElo "1891"]
[BlackElo "2006"]
[PlyCount "73"]
[EventDate "2005.08.07"]

1.e4 c5 2.Nc3 d6 3.f4 Nc6 4.Nf3 g6 5.Bc4 Bg7 6.d3 Nf6 7.O-O O-O 8.Qe1 e6 
9.f5 d5 10.Bb3 d4 11.Ne2 exf5 12.Qh4 Ng4 13.Bg5 Bf6 14.h3 Bxg5 15.Nxg5 h6 
16.hxg4 Qxg5 17.Qxg5 hxg5 18.gxf5 Kh7 19.f6 Ne5 20.Kf2 Rh8 21.Rh1+ Kg8 22.
Rxh8+ Kxh8 23.Kg3 Be6 24.Ng1 Re8 25.Nf3 Nxf3 26.Kxf3 a6 27.Re1 Bxb3 28.
axb3 Re5 29.Kg4 Kg8 30.Rh1 b6 31.Re1 a5 32.Rh1 c4 33.bxc4 Rc5 34.Rb1 b5 
35.b4 axb4 36.Rxb4 bxc4 37.Rxc4 1-0

[Event "Hotel Montesano Open A"]
[Site "Villa San Giovanni ITA"]
[Date "2005.08.11"]
[Round "5"]
[White "Mihalj, Miroslav M."]
[Black "Vocaturo, Daniele"]
[Result "0-1"]
[WhiteElo "2298"]
[BlackElo "2372"]
[PlyCount "142"]
[EventDate "2005.08.07"]

1.d4 Nf6 2.Nc3 d5 3.Bg5 Nbd7 4.Nf3 g6 5.e3 Bg7 6.Ne5 c6 7.f4 Qb6 8.Rb1 
Nxe5 9.fxe5 Ne4 10.Nxe4 dxe4 11.Qd2 Be6 12.c4 Rd8 13.Qc3 Rd7 14.Be2 f6 15.
exf6 exf6 16.Bf4 c5 17.d5 Bf7 18.O-O O-O 19.g4 a5 20.Bd1 Rdd8 21.Qb3 Qa6 
22.a4 Rd7 23.Rf2 Re8 24.Be2 Kh8 25.Rbf1 Bg8 26.Kg2 Rf8 27.h4 Rdf7 28.Bg3 
f5 29.gxf5 gxf5 30.Bf4 Rf6 31.Kh3 Rb6 32.Qa3 Rb4 33.b3 Qf6 34.Bd1 Bf7 35.
Qc1 Be8 36.Rg2 Bd7 37.Rfg1 Rg8 38.Qd2 Be8 39.Qe1 Bf7 40.Qg3 Rb6 41.Qh2 Qe7
42.Rxg7 Rxg7 43.Qb2 Rg6 44.Rxg6 hxg6 45.Be5 Be8 46.Bf6 Qf7 47.h5 gxh5 48.
Kh4 Kh7 49.Bxg7 Qxg7 50.Qxg7+ Kxg7 51.Kg5 h4 52.Kxf5 h3 53.Kxe4 h2 54.Bf3 
Bh5 55.Bh1 Kf6 56.Kf4 Bd1 57.e4 Bxb3 58.e5+ Ke7 59.d6+ Kd7 60.Kg3 Bxc4 61.
Bxb7 Bb3 62.Kxh2 Bxa4 63.Kg3 Bb3 64.Be4 a4 65.Bf5+ Be6 66.Bb1 a3 67.Kf4 a2
68.Bxa2 Bxa2 69.Kf5 Be6+ 70.Ke4 Kc6 71.Kd3 Kd5 0-1

[Event "Hotel Montesano Open A"]
[Site "Villa San Giovanni ITA"]
[Date "2005.08.11"]
[Round "5"]
[White "Pattarello, Pierluigi"]
[Black "Guidi, Maurizio"]
[Result "1/2-1/2"]
[WhiteElo "2006"]
[BlackElo "2079"]
[PlyCount "31"]
[EventDate "2005.08.07"]

1.d4 Nf6 2.c4 d6 3.Nc3 g6 4.e4 Bg7 5.f4 O-O 6.Nf3 Na6 7.Be3 c5 8.d5 Nc7 9.
Bd3 a6 10.Qc2 Rb8 11.a4 b6 12.O-O e6 13.e5 Ng4 14.Rae1 dxe5 15.fxe5 exd5 
16.cxd5 1/2-1/2

[Event "Hotel Montesano Open A"]
[Site "Villa San Giovanni ITA"]
[Date "2005.08.11"]
[Round "5"]
[White "Pegoraro, Nicola"]
[Black "Xia, Jie"]
[Result "0-1"]
[WhiteElo "2085"]
[BlackElo "2121"]
[PlyCount "38"]
[EventDate "2005.08.07"]

1.f4 d5 2.Nf3 g6 3.e3 Bg7 4.Be2 Nh6 5.O-O O-O 6.d4 Nd7 7.c4 dxc4 8.Bxc4 c5
9.Ne5 Nb6 10.Be2 cxd4 11.exd4 Nf5 12.d5 Nxd5 13.Rf3 Be6 14.Nc3 Qb6+ 15.Kh1
Rfd8 16.Qg1 Nd4 17.Rf2 Nxc3 18.bxc3 Nc2 19.Nc4 Bxc4 0-1

[Event "Hotel Montesano Open A"]
[Site "Villa San Giovanni ITA"]
[Date "2005.08.11"]
[Round "5"]
[White "Rombaldoni, Axel"]
[Black "Nicoletti, Francesco"]
[Result "1/2-1/2"]
[WhiteElo "2137"]
[BlackElo "1903"]
[PlyCount "117"]
[EventDate "2005.08.07"]

1.e4 Nf6 2.e5 Nd5 3.d4 d6 4.Nf3 g6 5.Be2 Bg7 6.O-O O-O 7.c4 Nb6 8.exd6 
cxd6 9.Nc3 Nc6 10.h3 Bf5 11.Be3 d5 12.c5 Nc4 13.b3 Nxe3 14.fxe3 e5 15.Bb5 
e4 16.Ne1 Qg5 17.Kf2 a6 18.Bxc6 bxc6 19.Nc2 Be6 20.Ne2 Qh4+ 21.Kg1 g5 22.
Qe1 Qh5 23.Nb4 Bd7 24.Ng3 Qg6 25.Qe2 f5 26.Qh5 f4 27.Qxg6 hxg6 28.Ne2 f3 
29.Nc3 a5 30.Nc2 g4 31.hxg4 Bxg4 32.g3 Bf6 33.Kf2 Kg7 34.Rh1 Rh8 35.Rag1 
Rh5 36.Rxh5 gxh5 37.b4 Kf7 38.b5 h4 39.bxc6 Rg8 40.Rh1 hxg3+ 41.Kxg3 Bd7+ 
42.Kf2 Bxc6 43.Ne1 Rb8 44.Rh7+ Kg6 45.Rc7 Bh4+ 46.Kf1 Bb5+ 47.Nxb5 Rxb5 
48.Rc6+ Kf5 49.Rb6 Rxb6 50.cxb6 Bd8 51.b7 Bc7 52.Nc2 Ke6 53.Na1 Kd6 54.Nb3
Kc6 55.Nxa5+ Kb6 56.Nb3 Kxb7 57.a4 Kc6 58.Kf2 Kb6 59.Kf1 1/2-1/2

[Event "Hotel Montesano Open A"]
[Site "Villa San Giovanni ITA"]
[Date "2005.08.11"]
[Round "5"]
[White "Rombaldoni, Denis"]
[Black "Armentano, Alessio"]
[Result "1-0"]
[WhiteElo "2327"]
[BlackElo "2092"]
[PlyCount "83"]
[EventDate "2005.08.07"]

1.d4 f5 2.g3 Nf6 3.Bg2 g6 4.Nh3 Bg7 5.Nf4 d6 6.d5 Na6 7.h4 O-O 8.h5 Qe8 9.
c3 Nc5 10.Nd2 g5 11.h6 Bh8 12.Nh3 g4 13.Nf4 e5 14.dxe6 Bxe6 15.Qc2 c6 16.
b4 Ncd7 17.Bb2 Ne5 18.c4 Ng6 19.Nd3 Qe7 20.e3 Bd7 21.O-O Rfe8 22.b5 cxb5 
23.cxb5 Rac8 24.Qb3+ Be6 25.Qa4 b6 26.Rac1 d5 27.Ba3 Qf7 28.Nb3 Rc4 29.Bb4
Rec8 30.Nd2 Rxc1 31.Rxc1 Rxc1+ 32.Nxc1 Qc7 33.Ne2 Ne4 34.Qd1 Bf6 35.Nxe4 
dxe4 36.Nd4 Qd7 37.a4 Ne5 38.Qc2 Bd5 39.Bf1 Bg5 40.Nc6 Nxc6 41.bxc6 Qxc6 
42.Qxc6 1-0

[Event "Hotel Montesano Open A"]
[Site "Villa San Giovanni ITA"]
[Date "2005.08.11"]
[Round "5"]
[White "Rosolia, Giuseppe"]
[Black "Caracci, Giuseppe"]
[Result "0-1"]
[WhiteElo "1829"]
[BlackElo "2064"]
[PlyCount "147"]
[EventDate "2005.08.07"]

1.d4 Nf6 2.Nf3 b6 3.c4 e6 4.a3 Bb7 5.Nc3 d5 6.Bg5 Be7 7.e3 Nbd7 8.Rc1 c5 
9.cxd5 exd5 10.Bb5 O-O 11.O-O a6 12.Ba4 b5 13.Bc2 c4 14.Ne2 Ne4 15.Bf4 Nd6
16.Ng3 Nf6 17.Ne5 g6 18.Bh6 Re8 19.Qf3 Nfe4 20.Nxe4 dxe4 21.Qe2 f6 22.Ng4 
Nf7 23.Bf4 g5 24.Bg3 h5 25.Nxf6+ Bxf6 26.Qxh5 Kg7 27.f4 Rh8 28.Qg4 Nh6 29.
Qe2 g4 30.Bd1 Bh4 31.Be1 Rg8 32.b3 Bd5 33.Qb2 Bxe1 34.Rxe1 Kh7 35.bxc4 
bxc4 36.Be2 Rb8 37.Qc2 Rc8 38.Qa4 Rg6 39.Rc3 Rgc6 40.Rec1 Qg8 41.g3 Nf5 
42.Qa5 Ne7 43.Rb1 Qe6 44.Rb7 Rd6 45.Rc7 Kg8 46.Rc2 Rxc7 47.Qxc7 Rc6 48.
Qd8+ Kf7 49.Qh8 Rb6 50.Qh5+ Qg6 51.Bxg4 Qxh5 52.Bxh5+ Kf8 53.Rc1 Rb3 54.
Kf2 Rxa3 55.g4 Ra2+ 56.Kg3 Re2 57.f5 Rxe3+ 58.Kf4 Rb3 59.Ra1 Bb7 60.g5 
Nd5+ 61.Ke5 Rb5 62.Kd6 Ne3 63.Bg6 Nxf5+ 64.Kc7 Nxd4 65.h4 Nf3 66.Rd1 Nxh4 
67.Rf1+ Nf3 68.Rh1 Nxg5 69.Bh5 e3 70.Rh2 Ke7 71.Be2 Ne6+ 72.Kb8 Bf3+ 73.
Kc8 Bxe2 74.Rxe2 0-1

[Event "Hotel Montesano Open A"]
[Site "Villa San Giovanni ITA"]
[Date "2005.08.11"]
[Round "5"]
[White "Sardo, Gabriele"]
[Black "Santagati, Alessandro"]
[Result "0-1"]
[WhiteElo "2222"]
[BlackElo "2092"]
[PlyCount "66"]
[EventDate "2005.08.07"]

1.e4 c5 2.c3 Nf6 3.e5 Nd5 4.d4 cxd4 5.Nf3 Nc6 6.cxd4 d6 7.Bc4 e6 8.O-O Be7
9.Qe2 O-O 10.Nc3 Nxc3 11.bxc3 dxe5 12.dxe5 Qc7 13.Qe4 b6 14.Bg5 Bb7 15.Bd3
g6 16.Qh4 Rfd8 17.Be4 Rd7 18.Bf6 Qd8 19.Ng5 Bxf6 20.Qxh7+ Kf8 21.exf6 Qxf6
22.Nxe6+ Qxe6 23.Bxc6 Bxc6 24.Qh8+ Ke7 25.Qh4+ g5 26.Qxg5+ f6 27.Qh5 Kd8 
28.c4 Qe5 29.Qh3 Kc7 30.c5 Qxc5 31.Rac1 Qd5 32.Rc2 Rg8 33.Rfc1 Qd1+ 0-1

[Event "Hotel Montesano Open A"]
[Site "Villa San Giovanni ITA"]
[Date "2005.08.11"]
[Round "5"]
[White "Sarno, Spartaco"]
[Black "Tirrito, Luca"]
[Result "1-0"]
[WhiteElo "2371"]
[BlackElo "2140"]
[PlyCount "75"]
[EventDate "2005.08.07"]

1.e4 e5 2.Nf3 d6 3.d4 exd4 4.Nxd4 Nf6 5.Nc3 Be7 6.Bf4 O-O 7.Qd2 Nc6 8.
O-O-O Nxd4 9.Qxd4 Be6 10.f3 Nd7 11.Qd2 Bf6 12.Kb1 Be5 13.Ne2 c6 14.Be3 Nb6
15.Nd4 Bxd4 16.Bxd4 d5 17.Qc3 Qg5 18.h4 Qg3 19.Be5 Qg6 20.Bd3 dxe4 21.Bxe4
f5 22.Bd3 Qf7 23.b3 Nd5 24.Qd2 a5 25.h5 a4 26.g4 axb3 27.axb3 Qe7 28.Bb2 
Qb4 29.gxf5 Qxd2 30.Rxd2 Bxf5 31.Rg1 g6 32.hxg6 h5 33.Rg5 Bxd3 34.Rxd3 
Rfe8 35.Be5 Ra5 36.f4 Rea8 37.Rxh5 Nc3+ 38.Kb2 1-0

[Event "Hotel Montesano Open A"]
[Site "Villa San Giovanni ITA"]
[Date "2005.08.11"]
[Round "5"]
[White "Scharrer, Patrick"]
[Black "Falcomata', Gesualdo"]
[Result "1-0"]
[WhiteElo "2209"]
[BlackElo "1918"]
[PlyCount "45"]
[EventDate "2005.08.07"]

1.e4 e5 2.Nf3 Nf6 3.Nxe5 d6 4.Nf3 Nxe4 5.d4 d5 6.Bd3 Nc6 7.c3 Be7 8.O-O 
O-O 9.Re1 f5 10.c4 Bb4 11.Re2 f4 12.cxd5 Ng5 13.Nxg5 Qxg5 14.dxc6 Bh3 15.
f3 Rae8 16.Nd2 Qf6 17.Qb3+ Kh8 18.Qxb4 a5 19.Qc3 Bf5 20.Ne4 Qg6 21.cxb7 
Qb6 22.Bd2 Rd8 23.Be1 1-0

[Event "Hotel Montesano Open A"]
[Site "Villa San Giovanni ITA"]
[Date "2005.08.11"]
[Round "5"]
[White "Seminara, Antonio"]
[Black "Blandini, Carmelo"]
[Result "0-1"]
[WhiteElo "1907"]
[BlackElo "1929"]
[PlyCount "114"]
[EventDate "2005.08.07"]

1.d4 e6 2.e3 f5 3.b3 Nf6 4.Bb2 d5 5.Nf3 Bd6 6.Nbd2 Qe7 7.c4 c6 8.Bd3 O-O 
9.Qc2 Nbd7 10.Ne5 Ne4 11.O-O Ndf6 12.f3 Nxd2 13.Qxd2 Bd7 14.c5 Bc7 15.b4 
Be8 16.a4 Nd7 17.Nxd7 Bxd7 18.f4 Qh4 19.Rfb1 g5 20.g3 Qh6 21.Bc1 Rfb8 22.
b5 g4 23.a5 cxb5 24.Bxb5 Bc6 25.Qe2 Qf8 26.Bxc6 bxc6 27.Qa6 Rxb1 28.Rxb1 
Rb8 29.Ra1 Qe8 30.Qxa7 Qc8 31.Qb6 Bxb6 32.cxb6 Ra8 33.Bd2 Qa6 34.Bb4 Qxb6 
35.axb6 Rxa1+ 36.Kf2 Rb1 37.Bc5 Rb2+ 38.Ke1 Kf7 39.Kd1 Ke8 40.Kc1 Rb5 41.
Kc2 Kd7 42.Ba3 Rxb6 43.Bc5 Rb5 44.Ba3 Kc8 45.Be7 Kb7 46.Bd6 Ka6 47.Bc5 Ka5
48.Ba3 Ka4 49.Bb2 Rb7 50.Bc3 Kb5 51.Bb2 Kc4 52.Bc3 Ra7 53.Bb2 Ra6 54.Bc1 
Ra2+ 55.Bb2 Ra8 56.Bc1 Rg8 57.Bd2 Rg6 0-1

[Event "Hotel Montesano Open A"]
[Site "Villa San Giovanni ITA"]
[Date "2005.08.11"]
[Round "5"]
[White "Sgro', Ezio"]
[Black "Safranska, Anda"]
[Result "0-1"]
[WhiteElo "1826"]
[BlackElo "2291"]
[PlyCount "60"]
[EventDate "2005.08.07"]

1.e4 g6 2.d4 Bg7 3.Nf3 d6 4.c4 Nf6 5.Nc3 O-O 6.Be2 Na6 7.O-O Qe8 8.Ne1 e5 
9.d5 Nc5 10.f3 a5 11.Be3 Nh5 12.Nd3 b6 13.b3 Nf4 14.Qd2 f5 15.Rac1 Nxe2+ 
16.Qxe2 Bd7 17.Qc2 Qe7 18.Rce1 f4 19.Bc1 g5 20.Nxc5 bxc5 21.Qf2 g4 22.g3 
Rf7 23.Kh1 fxg3 24.Qxg3 Raf8 25.Nb5 Rxf3 26.Rxf3 Rxf3 27.Qg2 Qh4 28.Rf1 
Rh3 29.Kg1 g3 30.Bg5 Qxg5 0-1

[Event "Hotel Montesano Open A"]
[Site "Villa San Giovanni ITA"]
[Date "2005.08.11"]
[Round "5"]
[White "Todarello, Giovanni"]
[Black "Hirneise, Jens"]
[Result "0-1"]
[WhiteElo "1807"]
[BlackElo "2001"]
[PlyCount "108"]
[EventDate "2005.08.07"]

1.e4 c5 2.Nf3 e6 3.c3 Nf6 4.e5 Nd5 5.d4 cxd4 6.cxd4 Nc6 7.Nc3 d6 8.Bc4 Nb6
9.Bb5 Qc7 10.Qe2 a6 11.d5 axb5 12.Nxb5 Qb8 13.dxc6 bxc6 14.Nxd6+ Bxd6 15.
exd6 Qxd6 16.O-O Ba6 17.Rd1 Qxh2+ 18.Kxh2 Bxe2 19.Rd6 Bxf3 20.gxf3 Rc8 21.
b3 O-O 22.Be3 Nd5 23.Rc1 Ra8 24.Ra1 Rfe8 25.a4 c5 26.a5 Kf8 27.Rd7 Nxe3 
28.fxe3 Reb8 29.Ra3 Ra6 30.Rc7 Rb5 31.Ra1 e5 32.Rd1 g5 33.Rdd7 Rf6 34.a6 
Rb8 35.a7 Ra8 36.Rb7 Kg7 37.Rb8 Rxa7 38.Rxa7 Rxf3 39.Rbb7 h5 40.e4 g4 41.
Ra5 Re3 42.Rxc5 Rxe4 43.b4 Re2+ 44.Kg3 Kg6 45.Rc6+ Kg5 46.Rh6 Kxh6 47.Rxf7
Rb2 48.Re7 Rxb4 49.Rxe5 Rb3+ 50.Kf4 Rf3+ 51.Ke4 Rf1 52.Kd3 g3 53.Re6+ Kg5 
54.Re8 Rd1+ 0-1

[Event "Hotel Montesano Open A"]
[Site "Villa San Giovanni ITA"]
[Date "2005.08.11"]
[Round "5"]
[White "Tomaselli, Maurizio"]
[Black "Dini, Andrea"]
[Result "1/2-1/2"]
[WhiteElo "2065"]
[BlackElo "1875"]
[PlyCount "97"]
[EventDate "2005.08.07"]

1.e4 c5 2.Nc3 Nc6 3.g3 g6 4.Bg2 Bg7 5.f4 d6 6.Nf3 e6 7.O-O Nge7 8.d3 O-O 
9.a4 Nd4 10.Ne2 Nec6 11.c3 Nxf3+ 12.Bxf3 e5 13.f5 Bf6 14.Bh6 Bg7 15.Qd2 f6
16.g4 g5 17.Bxg7 Kxg7 18.Ng3 Bd7 19.Rae1 Be8 20.Bd1 Bf7 21.Rf2 h6 22.h4 
Rh8 23.Rh2 Qc7 24.Rh3 Raf8 25.Qh2 Qd8 26.Kf2 Rh7 27.Rh1 Rfh8 28.hxg5 fxg5 
29.Ke1 Qf6 30.Bb3 Kf8 31.Bxf7 Qxf7 32.Qc2 Ne7 33.f6 Ng6 34.Nf5 Qxf6 35.
Rxh6 Rxh6 36.Rxh6 Rxh6 37.Nxh6 Nf4 38.Nf5 Qh8 39.Nxd6 Qh1+ 40.Kd2 Qg2+ 41.
Kc1 Qf1+ 42.Qd1 Nxd3+ 43.Kc2 Qxd1+ 44.Kxd1 Nxb2+ 45.Kc2 Nxa4 46.Nxb7 c4 
47.Na5 Nb6 48.Nc6 Nd7 49.Nxa7 1/2-1/2

[Event "Hotel Montesano Open A"]
[Site "Villa San Giovanni ITA"]
[Date "2005.08.11"]
[Round "5"]
[White "Vespia, Gianmarco"]
[Black "Borin, Fabio"]
[Result "0-1"]
[WhiteElo "2003"]
[BlackElo "2184"]
[PlyCount "154"]
[EventDate "2005.08.07"]

1.e4 Nf6 2.Nc3 d5 3.e5 Nfd7 4.f4 c5 5.Nf3 Nc6 6.d4 e6 7.Bd3 cxd4 8.Ne2 Qb6
9.O-O g6 10.Kh1 h5 11.a3 a5 12.b3 Nc5 13.Nfxd4 Bd7 14.Be3 Nxd3 15.Qxd3 Bc5
16.Nxc6 Bxc6 17.Bxc5 Qxc5 18.b4 Qb6 19.bxa5 Qb5 20.Nd4 Qxd3 21.cxd3 Rxa5 
22.Rfc1 Kd7 23.Nb3 Ra7 24.Rc3 Rha8 25.Kg1 Ke7 26.Nd2 d4 27.Rc4 Rxa3 28.
Rxa3 Rxa3 29.Rxd4 Ra1+ 30.Nf1 b5 31.Rd6 Bd5 32.g4 hxg4 33.Kf2 b4 34.Ne3 
Ra5 35.Rb6 Ra3 36.Nxd5+ exd5 37.Rxb4 Rxd3 38.Rb7+ Ke6 39.Rb6+ Ke7 40.Rb7+ 
Kf8 41.Rd7 Ke8 42.Rd6 Ke7 43.Ke2 Rh3 44.Rxd5 Rxh2+ 45.Ke3 Rb2 46.Rd1 Rb3+ 
47.Ke4 g3 48.Rd2 Ra3 49.Rb2 Rc3 50.Rd2 Rb3 51.Ra2 Kf8 52.Rg2 Kg7 53.f5 g5 
54.e6 f6 55.Rg1 Kf8 56.Re1 g2 57.Rg1 Rg3 58.Kd5 Ke7 59.Ke4 Rg4+ 60.Ke3 Rf4
61.Rxg2 Rxf5 62.Ra2 Kxe6 63.Ra7 Rf4 64.Rg7 Kf5 65.Ra7 Kg4 66.Ra1 Rf3+ 67.
Ke2 Rf4 68.Ke3 Kg3 69.Rg1+ Kh2 70.Ra1 f5 71.Ra2+ Kg3 72.Ra1 Rf3+ 73.Ke2 g4
74.Ra4 f4 75.Ra8 Rf2+ 76.Ke1 f3 77.Rg8 Rb2 0-1

[Event "Hotel Montesano Open A"]
[Site "Villa San Giovanni ITA"]
[Date "2005.08.12"]
[Round "6"]
[White "Aliferopulos, Andrea"]
[Black "Rosolia, Giuseppe"]
[Result "1/2-1/2"]
[WhiteElo "1909"]
[BlackElo "1829"]
[PlyCount "156"]
[EventDate "2005.08.07"]

1.e4 e5 2.Nf3 d6 3.d4 Nd7 4.Bc4 c6 5.Nc3 Be7 6.O-O Ngf6 7.a4 O-O 8.Re1 Qc7
9.dxe5 dxe5 10.Bg5 Nc5 11.h3 Be6 12.Nd2 Rad8 13.Qe2 Bxc4 14.Nxc4 Ne6 15.
Bxf6 Bxf6 16.Qg4 Nd4 17.Ne3 Rd6 18.Ne2 Nxe2+ 19.Rxe2 Rfd8 20.h4 Be7 21.h5 
Bf8 22.Ree1 Kh8 23.Nf5 Rf6 24.Re3 g6 25.Qg5 Be7 26.hxg6 fxg6 27.Nh4 Rfd6 
28.Qxe5+ Bf6 29.Qg3 Rd1+ 30.Re1 Qxg3 31.fxg3 Rxa1 32.Rxa1 Bxb2 33.Rb1 Bd4+
34.Kf1 b6 35.Nf3 Kg7 36.Ke2 Bc3 37.Rb3 Bf6 38.Rd3 Re8 39.Re3 Be5 40.Nd2 
Bd4 41.Rd3 Bc5 42.Rd7+ Kh6 43.Rxa7 Bb4 44.Rb7 Bxd2 45.Kxd2 Rxe4 46.Rxb6 
Rxa4 47.Rxc6 Rg4 48.Rc3 Kg5 49.Ke2 Kf6 50.Kf3 h5 51.Rc8 Ke5 52.c3 Kd5 53.
Rd8+ Ke6 54.Rd4 Rg5 55.Rf4 Rc5 56.c4 Ra5 57.Re4+ Kf5 58.Re3 g5 59.g4+ 
hxg4+ 60.Kg3 Rc5 61.Rc3 Ke4 62.Kxg4 Kd4 63.Rc1 Kd3 64.Rd1+ Ke4 65.Rd5 Rxc4
66.Rxg5 Rc2 67.Kh5 Kf4 68.Rg8 Rc3 69.Kh4 Kf5 70.g4+ Kf6 71.g5+ Kf7 72.Rb8 
Rc6 73.Kh5 Kg7 74.Rb7+ Kg8 75.g6 Rc1 76.Kh6 Rh1+ 77.Kg5 Rg1+ 78.Kf6 Rf1+ 
1/2-1/2

[Event "Hotel Montesano Open A"]
[Site "Villa San Giovanni ITA"]
[Date "2005.08.12"]
[Round "6"]
[White "Altieri, Danilo Mario"]
[Black "Bartolozzi, Roberto"]
[Result "0-1"]
[WhiteElo "2012"]
[BlackElo "2126"]
[PlyCount "124"]
[EventDate "2005.08.07"]

1.d4 e6 2.Nf3 Nf6 3.Bf4 c5 4.c3 Nc6 5.e3 d5 6.Nbd2 Bd6 7.Bxd6 Qxd6 8.Bd3 
O-O 9.O-O e5 10.dxe5 Nxe5 11.Nxe5 Qxe5 12.Nf3 Qh5 13.Be2 Re8 14.Nd2 Qg6 
15.Bf3 Bf5 16.Nb3 b6 17.Re1 Red8 18.Rc1 h6 19.Kh1 Ne4 20.Bxe4 Bxe4 21.f3 
Bf5 22.Qd2 a5 23.Qf2 Qc6 24.Qh4 Rd7 25.Qf4 Be6 26.Rcd1 Qb5 27.Rd2 Rad8 28.
Red1 Qc6 29.h3 Kf8 30.Kg1 Qd6 31.Qxd6+ Rxd6 32.Nc1 Ke7 33.Kf2 f6 34.b3 
R6d7 35.Ne2 g5 36.Nc1 a4 37.Rb2 a3 38.Rbd2 Kd6 39.e4 Kc6 40.exd5+ Rxd5 41.
Rxd5 Rxd5 42.Rxd5 Kxd5 43.Ke3 b5 44.f4 Bf5 45.fxg5 hxg5 46.Ne2 Bb1 47.Nc1 
f5 48.g3 c4 49.b4 Ke5 50.h4 gxh4 51.gxh4 f4+ 52.Kf3 Be4+ 53.Kf2 f3 54.Ke3 
Kf5 55.Kd4 Bc6 56.h5 Kg5 57.h6 Kxh6 58.Ke3 Kg5 59.Kf2 Kf4 60.Kf1 Ke3 61.
Ke1 f2+ 62.Kf1 Bf3 0-1

[Event "Hotel Montesano Open A"]
[Site "Villa San Giovanni ITA"]
[Date "2005.08.12"]
[Round "6"]
[White "Armentano, Alessio"]
[Black "Sgro', Ezio"]
[Result "1/2-1/2"]
[WhiteElo "2092"]
[BlackElo "1826"]
[PlyCount "88"]
[EventDate "2005.08.07"]

1.e4 e6 2.d4 d5 3.e5 c5 4.c3 Nc6 5.Nf3 Qb6 6.Bd3 Bd7 7.O-O Nge7 8.dxc5 
Qxc5 9.Be3 Qa5 10.Re1 Ng6 11.Bg5 Qc7 12.Qe2 a6 13.Nbd2 b5 14.a4 bxa4 15.
Rxa4 Ncxe5 16.Rxa6 Nxf3+ 17.Nxf3 Rxa6 18.Bxa6 Bd6 19.h4 h6 20.Bc1 Qd8 21.
g3 O-O 22.h5 Ne7 23.Bd3 f6 24.Nh4 e5 25.Bg6 f5 26.f4 e4 27.Be3 Be8 28.Qd2 
Qc7 29.Bxe8 Rxe8 30.Rd1 Bc5 31.Bd4 Qb6 32.Bxc5 Qxc5+ 33.Qd4 Qxd4+ 34.Rxd4 
Kf7 35.Kf2 Ke6 36.Rb4 Kd6 37.Ke3 Rc8 38.Rb6+ Rc6 39.Rb7 Rc7 40.Rb5 Rc5 41.
Rb8 Ke6 42.Rb7 Ra5 43.Rb6+ Kf7 44.Rb7 Ke6 1/2-1/2

[Event "Hotel Montesano Open A"]
[Site "Villa San Giovanni ITA"]
[Date "2005.08.12"]
[Round "6"]
[White "Blandini, Carmelo"]
[Black "Tomaselli, Maurizio"]
[Result "1/2-1/2"]
[WhiteElo "1929"]
[BlackElo "2065"]
[PlyCount "120"]
[EventDate "2005.08.07"]

1.Nf3 Nf6 2.c4 e6 3.g3 b6 4.Bg2 Bb7 5.O-O Be7 6.d3 O-O 7.Nbd2 d5 8.b3 Nbd7
9.Bb2 c5 10.d4 Ne4 11.Ne5 f5 12.e3 cxd4 13.Nxd7 Qxd7 14.Bxd4 Nxd2 15.Qxd2 
dxc4 16.Bxb7 Qxb7 17.bxc4 Rad8 18.Qb2 Bf6 19.Bxf6 Rxf6 20.c5 Qf3 21.cxb6 
axb6 22.Qxb6 Rdf8 23.Rad1 e5 24.Rd6 Rxd6 25.Qxd6 e4 26.Qe6+ Kh8 27.Qd6 Kg8
28.Qf4 Qxf4 29.exf4 Ra8 30.Ra1 Kf7 31.a3 Ke6 32.Kf1 Kd5 33.Ke2 Ra7 34.f3 
exf3+ 35.Kxf3 h5 36.h4 Ra6 37.Ke3 Kc4 38.a4 Kb3 39.Rb1+ Kc2 40.Rb5 g6 41.
Rc5+ Kb3 42.a5 Kb4 43.Kd4 Re6 44.Re5 Rd6+ 45.Ke3 Kc4 46.Ke2 Kc3 47.Rb5 
Re6+ 48.Kf3 Kd2 49.Rb2+ Kd3 50.Rb6 Re3+ 51.Kf2 Re2+ 52.Kf1 Ra2 53.a6 Ke3 
54.Rxg6 Ra1+ 55.Kg2 Ra2+ 56.Kh3 Kf3 57.Rb6 Ra1 58.Rb3+ Kf2 59.Rb2+ Kf3 60.
Rb3+ Kf2 1/2-1/2

[Event "Hotel Montesano Open A"]
[Site "Villa San Giovanni ITA"]
[Date "2005.08.12"]
[Round "6"]
[White "Borin, Fabio"]
[Black "Cavallini, Gianfranco"]
[Result "1-0"]
[WhiteElo "2184"]
[BlackElo "2005"]
[PlyCount "73"]
[EventDate "2005.08.07"]

1.e4 c5 2.Nf3 d6 3.d4 cxd4 4.Nxd4 Nf6 5.f3 Nc6 6.c4 Nxd4 7.Qxd4 g6 8.Nc3 
Bg7 9.Bf4 Qa5 10.Qd2 h6 11.Be3 Be6 12.Nb5 Qxd2+ 13.Kxd2 O-O 14.Nxa7 d5 15.
cxd5 Bxd5 16.exd5 Nxd5 17.Bf2 b6 18.Nc6 Bxb2 19.Bc4 Bc3+ 20.Kc2 Bxa1 21.
Rxa1 e6 22.Bxd5 exd5 23.Ne7+ Kh7 24.Nxd5 Rfc8+ 25.Kb3 Rc6 26.Nxb6 Rd8 27.
Nc4 Rb8+ 28.Nb6 Rd8 29.Bg1 Rd3+ 30.Kb4 Rc2 31.a4 Rb2+ 32.Kc4 Rdd2 33.g3 
Rdc2+ 34.Kd5 Rb3 35.a5 Rd3+ 36.Bd4 Rxf3 37.a6 1-0